| 000 | aam a22 a 4500 | ||
|---|---|---|---|
| 999 |
_c4762 _d4762 |
||
| 003 | AKMAL | ||
| 005 | 20180913101318.0 | ||
| 008 | 180913t20172017mau e 001 0 eng d | ||
| 020 |
_a9781633692787 _qpaperback _cRM104.90 |
||
| 082 | 0 | 4 |
_a658.3128 HBR _223 |
| 090 | 0 | 0 |
_a658.3128 _bHBR |
| 245 | 0 | 0 | _aHBR Guide to Performance Management |
| 246 | 3 | _aHarvard Business Review guide to performance management | |
| 246 | 3 | _aPerformance management | |
| 264 | 1 |
_aBoston, Massachusetts : _bHarvard Business Review Press, _c[2017] |
|
| 264 | 4 | _c©2017 | |
| 300 |
_aix, 244 pages ; _c23 cm. |
||
| 490 | 1 | _aHarvard Business Review Guides | |
| 504 | _aIncludes bibliographical references (pages 229-235) and index | ||
| 650 | 1 | 0 |
_aEmployees _xRating of _9601 |
| 650 | 2 | 0 |
_aPerformance _xManagement _9603 |
| 830 | 0 |
_aHarvard business review guides _99106 |
|
| 942 |
_2ddc _cBOOK |
||